00497 2200193 4500001002100000005001500021008004100036035002500077041000800102082000800110090000800118100002400126245004600150250001600196260004000212300003100252500000800283650001200291INLIS00000000001520420130516020346 ing  a0010-051300000015204 aing a635 a635 aKenneth, A. Beckett aThe Concise Encyclopedia of Garden Plants aCetakan : 1 aLondonbGlorier Internasionalc1984 a438 hlm. : ilus. ;30.5 cm. a439 aTanaman